Proyecto de Código penal / (Registro nro. 162659)

Detalles MARC
000 -LEADER
campo de control de longitud fija 00690nam a22001815i 4500
001 - NÚMERO DE CONTROL
campo de control 162659
003 - IDENTIFICADOR DE NÚMERO DE CONTROL
campo de control ES-MaACL
005 - FECHA Y HORA DE LA ÚLTIMA TRANSACCIÓN
campo de control 20250809035228.0
008 - DATOS DE LONGITUD FIJA--INFORMACIÓN GENERAL
campo de control de longitud fija 981117s1885 sp |||| | spa d
245 00 - MENCIÓN DEL TÍTULO
Título Proyecto de Código penal /
Mención de responsabilidad, etc. [presentado por el Ministro de Gracia y Justicia Francisco Silvela].
260 ## - PUBLICACIÓN, DISTRIBUCIÓN, ETC.
Lugar de publicación, distribución, etc. Madrid :
Nombre del editor, distribuidor, etc. [s.n.],
Fecha de publicación, distribución, etc. 1885 (
Fabricante Imprenta de los Hijos de J. A. García)
300 ## - DESCRIPCIÓN FÍSICA
Extensión 280 p. ;
Dimensiones 19 cm.
650 04 - PUNTO DE ACCESO ADICIONAL DE MATERIA--TÉRMINO DE MATERIA
Término de materia o nombre geográfico como elemento de entrada Derecho penal-
Subdivisión geográfica España
9 (RLIN) 11752
700 1# - ENTRADA AGREGADA--NOMBRE PERSONAL
Nombre de persona Silvela, Francisco,
Fechas asociadas al nombre 1845-1905
9 (RLIN) 106425
852 ## - LOCALIZACIÓN
Ubicación ES-MaACL
Número de control de estantería T-874-F-5
Nota libre - Enc. hol.
-- - Enc. en un vol. facticio
-- .- Donativo Lastres
852 ## - LOCALIZACIÓN
Ubicación ES-MaACL
Número de control de estantería C-3842
Existencias
Estatus retirado Estado de pérdida Estado de daño No para préstamo Colección Biblioteca de origen Biblioteca actual Ubicación en estantería Fecha de adquisición Fuente de adquisición Total de préstamos Signatura topográfica completa Código de barras Visto por última vez Precio de reemplazo Tipo de ítem Koha
        Libros del s. XIX Biblioteca del Ateneo de Madrid Biblioteca del Ateneo de Madrid Sala Palomar 22/01/2014     C-3842 1192472 23/02/2023 23/02/2023 Libro impreso antiguo
        Colección de folletos Biblioteca del Ateneo de Madrid Biblioteca del Ateneo de Madrid Depósito folletos 17/01/2008     T-874-F-5 1170413 23/02/2023 23/02/2023 Folleto